| 000 | 00000nas 2200000za 4500 |
| 001 | 9.505728 |
| 003 | CaOODSP |
| 005 | 20251104111701 |
| 007 | cr ||||||||||| |
| 008 | 150406c20029999oncar p o f0 a0eng| |
| 022 | |a1910-9415 |
| 040 | |aCaOODSP|beng |
| 043 | |an-cn--- |
| 086 | 1 |aFD1E-PDF |
| 110 | 2 |aFinancial Transactions and Reports Analysis Centre of Canada. |
| 222 | 0|aFINTRAC annual report |b(Online) |
| 240 | 10|aFINTRAC annual report (Online) |
| 245 | 10|aFINTRAC annual report |h[electronic resource] / |cFinancial Transactions and Reports Analysis Centre of Canada. |
| 246 | 3 |aFinancial Transactions and Reports Analysis Centre of Canada, annual report |
| 246 | 30|aAnnual report |
| 260 | |aOttawa : |bFinancial Transactions and Reports Analysis Centre of Canada, |c[2002]- |
| 310 | |aAnnual |
| 362 | 0 |aMar. 31, 2002- |
| 500 | |aIssued also in French under title: Rapport annuel de CANAFE. |
| 500 | |aSome issues have a distinctive title. |
| 515 | |aReport year ends Mar. 31. |
| 515 | |aFirst report covers the period from July 5, 2000 to Mar. 31, 2002. |
| 530 | |aIssued also in print. |
| 692 | 07|2gccst|aEconomic crime |
| 775 | 08|tRapport annuel de CANAFE |w(CaOODSP)9.502133 |
| 776 | 0#|tFINTRAC annual report |w(CaOODSP)9.511680 |